000 00717cam a2200253 4500
999 _c7930
_d7930
001 7930
003 BD-JhCC
005 20180215132221.0
008 000207s1934 ilu 00100 eng d
035 _a(BD-JhCC)7930
035 _a2515742
040 _aANL
_dANL
_dBD-JhCC
041 _aeng
050 0 0 _aB851
_b.C6
082 0 4 _a191
_bCOH 1934
100 1 _aCohen, Morris R.
_q(Morris Raphael),
_d1880-1947.
245 1 0 _aAmerican thought :
_ba critical sketch /
_cEdited and with a foreword by Felix S. Cohen.
260 _aGlencoe, Ill. :
_bFree Press,
_c[1934].
300 _a1 v.
650 0 _aPhilosophy, American.
651 0 _aUnited States
_xIntellectual life.
942 _2ddc
_cBK